000 00740nam a22002297a 4500
005 20110905154821.0
008 110905t xxu||||| |||| 00| 0 eng d
010 _aENG-103755
020 _a9788179876800
_c55.00
035 _aEN-87288
037 _bDBAD/PUB
040 _adpl
_bEng
082 _aS
100 _aRamachandran,K.N.
_934404
245 _aBetrayal /
_cby K.N.Ramachandran
260 _aNew Delhi
_bVishv Vijay
_c(201?)
270 _aM-12, Connaught circus,
_bNew Delhi
_e110001
_k011-23416313
_mmybook@vishvbook.com
300 _a112p.
_c22cm (pbk)
700 _934402
942 _2ddc
_cEN
_hS
_mRAM
999 _c56339
_d56339